书目信息 |
| 题名: |
Spark SQL大数据分析快速上手
|
|
| 作者: | 迟殿委, , 王泽慧, , 黄茵茵, 著 | |
| 分册: | ||
| 出版信息: | 北京 清华大学出版社 2024.11 |
|
| 页数: | 220页 | |
| 开本: | 26cm | |
| 丛书名: | 大数据技术丛书 | |
| 单 册: | ||
| 中图分类: | TP274 | |
| 科图分类: | ||
| 主题词: | 数据处理软件--shu ju chu li ruan jian | |
| 电子资源: | ||
| ISBN: | 978-7-302-67486-3 | |
| 000 | 01560nam 2200313 450 | |
| 001 | 90494 | |
| 005 | 20250815194948.42 | |
| 010 | @a978-7-302-67486-3@dCNY89.00 | |
| 100 | @a20241120d2024 em y0chiy50 ea | |
| 101 | 0 | @achi |
| 102 | @aCN@b110000 | |
| 105 | @aa z 000yy | |
| 106 | @ar | |
| 200 | 1 | @aSpark SQL大数据分析快速上手@ASpark SQL da shu ju fen xi kuai su shang shou@f迟殿委, 王泽慧, 黄茵茵著 |
| 210 | @a北京@c清华大学出版社@d2024.11 | |
| 215 | @a220页@c图@d26cm | |
| 225 | 2 | @a大数据技术丛书@Ada shu ju ji shu cong shu |
| 312 | @a英文题名取自封面 | |
| 314 | @a迟殿委, 南昌大学计算机软件与理论专业硕士, 系统架构设计师。有多年企业软件研发经验和丰富的JavaEE、大数据技术培训经验, 熟练掌握JavaEE与大数据全栈技术框架, 擅长JavaEE系统架构设计、大数据分析与挖掘。 | |
| 330 | @a本书共分10章。第1-3章为Spark SQL的基础准备部分, 包括Spark SQL的发展和简介、Spark的典型数据容器及关系、Spark概述与环境搭建、Spark典型数据结构RDD ; 第4-7章为Spark SQL的基础应用部分, 包括Spark SQL入门实战 (包括Scala编程基础) 、SQL基础语法、操作多数据源、Spark SQL性能调优等 ; 第8-10章分别通过影评数据分析、商品统计数据分析、咖啡销售数据分析等3个实战项目进行巩固提升。 | |
| 410 | 0 | @12001 @a大数据技术丛书 |
| 510 | 1 | @aGet started with Spark SOL for big data analysis@zeng |
| 606 | 0 | @a数据处理软件@Ashu ju chu li ruan jian |
| 690 | @aTP274@v5 | |
| 701 | 0 | @a迟殿委,@Achi dian wei@f1982-@4著 |
| 701 | 0 | @a王泽慧,@Awang ze hui@f1998-@4著 |
| 701 | 0 | @a黄茵茵,@Ahuang yin yin@f1983-@4著 |
| 801 | 0 | @aCN@c20250909 |
| 905 | @a河南城建学院图书馆@dTP274@eC810-3@f1 | |
| Spark SQL大数据分析快速上手/迟殿委, 王泽慧, 黄茵茵著.-北京:清华大学出版社,2024.11 |
| 220页:图;26cm.-(大数据技术丛书) |
| ISBN 978-7-302-67486-3:CNY89.00 |
| 本书共分10章。第1-3章为Spark SQL的基础准备部分, 包括Spark SQL的发展和简介、Spark的典型数据容器及关系、Spark概述与环境搭建、Spark典型数据结构RDD ; 第4-7章为Spark SQL的基础应用部分, 包括Spark SQL入门实战 (包括Scala编程基础) 、SQL基础语法、操作多数据源、Spark SQL性能调优等 ; 第8-10章分别通过影评数据分析、商品统计数据分析、咖啡销售数据分析等3个实战项目进行巩固提升。 |
| ● |
| 相关链接 |
|
|
|
正题名:Spark SQL大数据分析快速上手
索取号:TP274/C810-3
 
预约/预借
| 序号 | 登录号 | 条形码 | 馆藏地/架位号 | 状态 | 备注 |
| 1 | 1624456 | 216244561 | 自科库301/ [索取号:TP274/C810-3] | 在馆 |